| 000 | 00935nam a2200205Ia 4500 | ||
|---|---|---|---|
| 003 | OSt | ||
| 005 | 20241104143314.0 | ||
| 007 | ca aa aaaaa | ||
| 008 | 201103s9999 xx 000 0 und d | ||
| 040 | _cSSBUL | ||
| 041 | _abur | ||
| 082 |
_223 _a၂၉၄.၃၄၄၃၅ နိ _b၉၁၂၄ S-SAT |
||
| 100 | 0 |
_a နိပုဏ၊ အရှင်။ (အေးငြိမ်းချမ်းသာဆရာတော်) _955142 |
|
| 245 | 1 | 0 |
_aသန်လျင်တောရဝိပဿနာ / _cအေးငြိမ်းချမ်းသာဆရာတော် ဟိတေသီနေလ(အရှင်နိပုဏ)။ |
| 260 |
_aရန်ကုန် ၊ _bထွန်းလှကျော်စာပေ၊ _c၁၉၉၄။ |
||
| 300 |
_aသ၊ ၃၄၆ စာမျက်နှာ ၊ _c၂၃ စင်တီ။ |
||
| 500 | _aS-SAT: Dr. Sai Aung Tun | ||
| 650 | _aဝိပဿနာ | ||
| 942 |
_2ddc _cBK1 |
||
| 999 |
_c16681 _d16681 |
||